Teatro de guerrilla y happening / (Record no. 128963)

MARC details
000 -LEADER
campo de control de longitud fija 00648nam a2200193 i 4500
001 - NÚMERO DE CONTROL
campo de control 128963
003 - IDENTIFICADOR DE NÚMERO DE CONTROL
campo de control ES-MaACL
005 - FECHA Y HORA DE LA ÚLTIMA TRANSACCIÓN
campo de control 20230906193415.0
007 - CAMPO FIJO DE DESCRIPCIÓN FÍSICA--INFORMACIÓN GENERAL
campo de control de longitud fija t|
008 - DATOS DE LONGITUD FIJA--INFORMACIÓN GENERAL
campo de control de longitud fija 070531s1973 sp ||||1| spa d
245 00 - MENCIÓN DEL TÍTULO
Título Teatro de guerrilla y happening /
Mención de responsabilidad, etc. textos y entrevistas de Richard Schechner, Burd Wirtschafter y Allan Kaprow ; traducción Joaquín Jordá.
260 ## - PUBLICACIÓN, DISTRIBUCIÓN, ETC.
Lugar de publicación, distribución, etc. [Barcelona] :
Nombre del editor, distribuidor, etc. Anagrama,
Fecha de publicación, distribución, etc. [1973]
300 ## - DESCRIPCIÓN FÍSICA
Extensión 90 p. ;
Dimensiones 18 cm.
700 1# - ENTRADA AGREGADA--NOMBRE PERSONAL
Nombre de persona Schechner, Richard.
9 (RLIN) 104253
700 1# - ENTRADA AGREGADA--NOMBRE PERSONAL
Nombre de persona Wirtschafter, Burd.
9 (RLIN) 117139
700 1# - ENTRADA AGREGADA--NOMBRE PERSONAL
Nombre de persona Kaprov, Allan.
9 (RLIN) 67540
700 1# - ENTRADA AGREGADA--NOMBRE PERSONAL
Nombre de persona Jordá, Joaquín.
9 (RLIN) 66895
852 ## - LOCALIZACIÓN
Ubicación ES-MaACL
Número de control de estantería C-53734
Sublocalización o colección R.86528
Holdings
Estatus retirado Estado de pérdida Estado de daño No para préstamo Biblioteca de origen Biblioteca actual Ubicación en estantería Fecha de adquisición Fuente de adquisición Total de préstamos Signatura topográfica completa Código de barras Visto por última vez Precio de reemplazo Tipo de ítem Koha
        Biblioteca del Ateneo de Madrid Biblioteca del Ateneo de Madrid Depósito 2 17/01/2008     C-53734 1134304 23/02/2023 23/02/2023 Libro impreso